000 00443nam a2200145 4500
245 _aPhysics of rotating nuclei
_cS.N.Mukherjee and Y.R.Waghmare
100 _aMukherjee, S.N.
710 _aWaghmare, Y.R.
260 _aNew Delhi
_bNew Age International
_cc1995
300 _ax,322p.; 25cm.-
490 _aSERC School series, Department of science and technology
020 _a8122408257
082 _a539.754
_bMUK
650 _aNuclear Physics
999 _c52598
_d52598